| 000 | 00426pab a2200169 454500 | ||
|---|---|---|---|
| 008 | 180718b2011 xxu||||| |||| 00| 0 eng d | ||
| 100 | _aSarkar, Swapan | ||
| 245 | _aBehavioural finance: Explaining irrational investment strategies | ||
| 260 | _c2011 | ||
| 300 | _ap.860-861. | ||
| 362 | _aOct | ||
| 650 | _aInvestment | ||
| 650 | _aFinancial markets | ||
| 773 | _aManagement Accountant | ||
| 908 | _aN | ||
| 909 | _a95442 | ||
| 999 |
_c95442 _d95442 |
||